|
|
|
|
| LEADER |
02161nam a22004693i 4500 |
| 001 |
EBC5574083 |
| 003 |
MiAaPQ |
| 005 |
20231204023214.0 |
| 006 |
m o d | |
| 007 |
cr cnu|||||||| |
| 008 |
231204s2018 xx o ||||0 ger d |
| 020 |
|
|
|a 9783110584172
|q (electronic bk.)
|
| 020 |
|
|
|z 9783110582635
|
| 035 |
|
|
|a (MiAaPQ)EBC5574083
|
| 035 |
|
|
|a (Au-PeEL)EBL5574083
|
| 035 |
|
|
|a (CaPaEBR)ebr11632828
|
| 035 |
|
|
|a (OCoLC)1043956965
|
| 040 |
|
|
|a MiAaPQ
|b eng
|e rda
|e pn
|c MiAaPQ
|d MiAaPQ
|
| 050 |
|
4 |
|a PT2671.R376Z75 2018
|
| 082 |
0 |
|
|a 838.91403
|
| 100 |
1 |
|
|a Lambrecht, Tobias.
|
| 245 |
1 |
0 |
|a Nicht-Naives Erzählen :
|b Folgen der Erzählkrise Am Beispiel Biografischer Schreibweisen Bei Helmut Krausser.
|
| 250 |
|
|
|a 1st ed.
|
| 264 |
|
1 |
|a Berlin/Boston :
|b Walter de Gruyter GmbH,
|c 2018.
|
| 264 |
|
4 |
|c {copy}2018.
|
| 300 |
|
|
|a 1 online resource (214 pages)
|
| 336 |
|
|
|a text
|b txt
|2 rdacontent
|
| 337 |
|
|
|a computer
|b c
|2 rdamedia
|
| 338 |
|
|
|a online resource
|b cr
|2 rdacarrier
|
| 490 |
1 |
|
|a Deutsche Literatur. Studien und Quellen Series ;
|v v.29
|
| 505 |
0 |
|
|a Intro -- Danksagung -- Inhaltsverzeichnis -- 1. Einleitung -- 2. Nicht-Naives Erzählen und moderne Erzählkrise(n) -- 3. Werkanalysen -- 4. Schlusswort -- 5. Literaturverzeichnis -- Personenregister.
|
| 588 |
|
|
|a Description based on publisher supplied metadata and other sources.
|
| 590 |
|
|
|a Electronic reproduction. Ann Arbor, Michigan : ProQuest Ebook Central, 2023. Available via World Wide Web. Access may be limited to ProQuest Ebook Central affiliated libraries.
|
| 650 |
|
0 |
|a Krausser, Helmut,-1964--Criticism and interpretation.
|
| 650 |
|
0 |
|a Narration (Rhetoric).
|
| 650 |
|
0 |
|a LITERARY CRITICISM / General.-bisacsh.
|
| 650 |
|
0 |
|a LITERARY CRITICISM / European / German.-bisacsh.
|
| 655 |
|
4 |
|a Electronic books.
|
| 776 |
0 |
8 |
|i Print version:
|a Lambrecht, Tobias
|t Nicht-Naives Erzählen
|d Berlin/Boston : Walter de Gruyter GmbH,c2018
|z 9783110582635
|
| 797 |
2 |
|
|a ProQuest (Firm)
|
| 830 |
|
0 |
|a Deutsche Literatur. Studien und Quellen Series
|
| 856 |
4 |
0 |
|u https://ebookcentral.proquest.com/lib/matrademy/detail.action?docID=5574083
|z Click to View
|